|
|
|
|
| LEADER |
00000nam a2200000 a 4500 |
| 001 |
vtls010282884 |
| 003 |
SK-MaSNL |
| 005 |
20260301031817.0 |
| 008 |
180809s2009 pl a f 000 0 pol |
| 015 |
|
|
|a SNBZSA2012-00556
|
| 020 |
|
|
|a 9788374312165
|q (viaz.)
|
| 035 |
|
|
|a 87FABDF1-5057-44D2-BB19-AC88256DF5C0
|
| 035 |
|
|
|a urn:nbn:sk:snk-amlanj
|
| 035 |
|
|
|a urn:nbn:sk:snk-am0092lg
|
| 040 |
|
|
|a SNK
|b slo
|c SNK
|e AACR2
|
| 041 |
0 |
|
|a pol
|
| 044 |
|
|
|a pl
|c PL
|
| 072 |
|
7 |
|a 330.5+338
|x Národné hospodárství a hospodárská politika
|2 konspekt
|
| 080 |
|
|
|a 338(091)
|x (100)
|x "1929/2009"
|x (082)
|2 2001
|
| 080 |
|
|
|a 338.124.4
|2 2001
|
| 080 |
|
|
|a 338.12
|2 2001
|
| 245 |
0 |
0 |
|a Od wielkiego krzyzysu gospodarczego do wielkiego krzyzysu finansoweg
|b perturbacje w gospodarce światowej w latach 1929-2009
|c pod redakcją naukową Janusza Kalińskiego i Mariana Zalesko
|
| 260 |
|
|
|a Białystok
|b WydawnictwoUniwersytetu w Białymstoku
|c 2009
|
| 300 |
|
|
|a 461 s.
|b ilustr.
|c 25 cm
|
| 504 |
|
|
|a Bibliogr. odkazy
|
| 650 |
0 |
7 |
|a hospodárske dejiny
|y 1929-2009
|2 2001
|9 327950
|
| 650 |
0 |
7 |
|a hospodárska kríza
|2 snkph
|9 2278
|
| 650 |
0 |
7 |
|a hospodárska politika
|2 snkph
|9 2279
|
| 650 |
0 |
7 |
|a hospodárske cykly
|2 snkph
|9 92292
|
| 655 |
|
7 |
|a zborníky
|2 snkph
|9 70165
|
| 700 |
1 |
|
|a Kaliński, Janusz,
|d 1942-
|4 red
|9 327951
|
| 700 |
1 |
|
|a Zalesko, Marian
|4 red
|9 327952
|
| 919 |
|
|
|a 978-83-7431-216-5
|
| 958 |
|
|
|a ZS
|
| 958 |
|
|
|a OND
|
| 999 |
|
|
|c 577356
|d 579286
|
| 952 |
|
|
|a SNK
|b SNK
|y PREZ
|7 0
|p 17A0707645
|o snkSC 146126
|i snk2011/15386
|8 2
|g 18.92
|0 0
|1 0
|4 0
|d 2011-06-01
|f 1
|l 0
|r 2025-07-15 00:00:00
|w 2026-02-23
|